Seed - Science & technology : - Training - research in the Mekong Delta

Guardat en:
Dades bibliogràfiques
Format: Llibre
Idioma:Undetermined
Publicat: Cần Thơ Can tho University
Matèries:
Etiquetes: Afegir etiqueta
Sense etiquetes, Sigues el primer a etiquetar aquest registre!
Thư viện lưu trữ: Trung tâm Học liệu Trường Đại học Cần Thơ
LEADER 00448nam a2200145Ia 4500
001 CTU_38791
008 210402s9999 xx 000 0 und d
082 |a 635.04 
082 |b S451 
245 0 |a Seed - Science & technology : - Training - research in the Mekong Delta 
260 |a Cần Thơ 
260 |b Can tho University 
650 |a seed,sees-training 
904 |i Liên, 990910 
980 |a Trung tâm Học liệu Trường Đại học Cần Thơ